00580nam a2200181Ia 4500008004000000020001800040082001700058100001900075245002600094250000500120260005500125300001200180650002700192690002300219906001100242999001700253952012800270210210b1990 xxu||||| |||| 00| 0 eng d a0 7069 5402 5 a658.001 DWIM aDWIVEDI (D N). aManagerial economics. a aNew Delhi.bVikas Publishing House Pvt Ltd.,c1990 axvi,424 aManagerial Economics  aBusiness Economics a044902 c94493d94493 001040708ManagementaALbALcManagementd2021-02-17g65.00l0o658.001 DWIMp044902r2021-02-17 00:00:00w2021-02-17yBK